000 01110cam a22003015a 4500
001 016520583
003 OSt
005 20160607120201.0
008 130926s2015 enk frb 001 0 eng d
020 _a9780415633048 (hbk.)
020 _z9781315762265 (ebook)
040 _aStDuBDS
_beng
_cStDuBDS
_dUk
_dEG-ScBUE
043 _af-ua---
082 0 4 _a320.96209055
_222
_bABD
100 1 _aAbdelrahman, Maha M.
_97927
245 1 0 _aEgypt's long revolution :
_bprotest movements and uprisings /
_cMaha Abdelrahman.
260 _aOxon ;
_aNew York :
_bRoutledge,
_c2015.
300 _aviii, 162 p. ;
_c24 cm.
490 0 _aRoutledge Studies in Middle Eastern Democratization and Government ;
_v4
500 _aIndex : p. 154-162.
504 _aBibliography : p. 143-153.
650 0 _aProtest movements
_zEgypt
_xHistory
_y21st century
_936448
_2BUEsh
650 0 _aPolitical activists
_zEgypt
_936449
_2BUEsh
651 0 _aEgypt
_xHistory
_yProtests, 2011-
_936450
_2BUEsh
651 0 _aEgypt
_xPolitics and government
_y21st century
_936451
_2BUEsh
653 _bBUSBOL
_cNovember2014
942 _2ddc
_k320.96209055 ABD
999 _c18549
_d18521